| 000 | 00974nam a2200265 a 4500 | ||
|---|---|---|---|
| 001 | BRCA_1770 | ||
| 005 | 20190320203537.0 | ||
| 008 | 010329s2000 mx-a---##b---#000-0#spa-# | ||
| 020 | _a9701854799 | ||
| 040 |
_aDLC _cDLC |
||
| 050 | 4 |
_aN8931 _b.C37 2000 |
|
| 100 | 1 |
_aCastro Morales, Efraín _95507 |
|
| 245 | 1 | 0 |
_aAdopte una obra de arte _bpatrimonio recuperado _cEfraín Castro Morales ; presentación Rafael Tovar ; textos Beatriz Sánchez-Navarro de Pintado ... [et al.]. |
| 260 |
_aMéxico _bCONACULTA _c2000. |
||
| 300 |
_a254 p. _bil. a color _c34 cm. |
||
| 500 | _aColección Sonia Corcuera de Mancera | ||
| 504 | _aIncluye referencias bibliográficas | ||
| 650 | 1 | 4 |
_aArte mexicano _xCoservación y restauración _95508 |
| 650 | 1 | 4 |
_aPatrocinio del arte _zMéxico _95509 |
| 650 | 1 | 4 |
_aPatrimonio cultural _xProtección _zMéxico _95510 |
| 700 | 1 |
_aTovar, Rafael _95511 |
|
| 700 | 1 |
_aSánchez-Navarro de Pintado, Beatriz _93087 |
|
| 902 | _aDSC | ||
| 942 |
_2lcc _cB |
||
| 999 |
_c1552 _d1552 |
||